| 000 | 00716pam a2200241 a 4500 | ||
|---|---|---|---|
| 008 | |||
| 020 | _a0582064392 (pbk.) | ||
| 049 | _aMAIN | ||
| 090 | _aQD151.2 OWE | ||
| 100 | 1 | _aOwen, S. M. | |
| 245 | 1 | 2 |
_aA guide to modern inorganic chemistry / _cS.M. Owen and A.T. Brooker. |
| 260 |
_aHarlow, Essex, England : _bLongman Scientific & Technical _c1991. |
||
| 300 |
_avi, 328 p. : _bill. ; _c24 cm. |
||
| 500 | _aIncludes index. | ||
| 650 | 0 | _aChemistry, Inorganic. | |
| 653 | _aInorganic chemistry | ||
| 700 | 1 | _aBrooker, A. T. | |
| 907 |
_a.b10170601 _b02-02-07 _c10-08-05 |
||
| 003 | |||
| 005 | 20230123134128.0 | ||
| 040 | _cNUST | ||
| 942 |
_cBOOKS _kQD151.2 OWE |
||
| 999 |
_c160526 _d160526 |
||